Εισαγωγή στην ψυχανάλυση

Saved in:
Bibliographic Details
Main Author: Freud, Sigmund, 1856-1939
Other Authors: Αναγνώστου, Λευτέρης (Translator)
Format: Book
Language:Greek
German
Published: Αθήνα : Επίκουρος, 1996.
Series:Ψυχαναλυτική βιβλιοθήκη ; 6
Subjects:
Tags: Add Tag
No Tags, Be the first to tag this record!

MARC

LEADER 00000cam a2200000 i 4500
001 1/11136
008 970902s1996 gr | ||| |||| ||gre||
020 |a 9607105192 
035 |1 ΠΑΡ  |a 1997  |l 10018138 
040 |a GR-MyUA  |b gre  |e AACR2 
041 1 |a gre  |h ger 
082 0 |a 150.1952 
100 1 |a Freud, Sigmund,   |d 1856-1939. 
245 1 0 |a Εισαγωγή στην ψυχανάλυση /   |c Σιγκμουντ Φρουντ ; μετάφραση Λευτέρης Αναγνώστου.  
260 |a Αθήνα :   |b Επίκουρος,   |c 1996.  
300 |a 446 σ. :   |b εικ. ;  
490 1 |a (Ψυχαναλυτική βιβλιοθήκη   |v ; 6)  
500 |a Τίτλος πρωτοτύπου: Vorlesungen zur Einfuhrung in die Psychoanalyse.  
650 0 0 |a Psychoanalysis. 
700 1 |a Αναγνώστου, Λευτέρης,  |e trl 
830 0 |a Ψυχαναλυτική βιβλιοθήκη ;  |v  6 
852 |a INST  |b LESVOS  |e 19970902  |h 150.1952 FRE  |p 005100010800  |q 005100010800  |t BK  |y 0 
909 |a Λ  |b 050760